000 00750nam a22002177a 4500
999 _c15757
_d15757
003 MIRAKIL
005 20240322140943.0
008 240322b tu ||||| |||| 00| 0 tur d
020 _a9789751632159
040 _aTR-AnCHP
_cTR-AnCHP
041 _atur
082 _a494.2
_bP66m 2016
100 _aPoppe, Nicholas
245 1 0 _aMoğol yazı dilinin grameri /
_cNicholas Poppe ; çeviren : Günay Karaağaç.
260 _aAnkara :
_bTürk Dil Kurumu,
_c2016.
300 _a240 s. :
_btbl. ,
_c24 cm.
490 0 _aAtatürk Kültür, Dil ve Tarih Yüksek Kurumu Türk Dil Kurumu yayınları
_v1182.
650 0 _97842
_aMoğol dili
856 _zDijital Nüshası için Partimizin Kütüphane Sorumlusu ile iletişime geçiniz.
942 _2ddc
_cBKS